header

Partisan politics, narrative realism, and the rise of the British novel (Record no. 94581)

MARC details
000 -LEADER
fixed length control field 01604nam a2200385Ia 4500
082 04 - DEWEY DECIMAL CLASSIFICATION NUMBER
Classification number 823/.509358
100 1# - MAIN ENTRY--AUTHOR NAME
Personal name Carnell, Rachel.
245 10 - TITLE STATEMENT
Title Partisan politics, narrative realism, and the rise of the British novel
250 ## - EDITION STATEMENT
Edition statement 1st ed.
260 ## - PUBLICATION, DISTRIBUTION, ETC. (IMPRINT)
Place of publication New York :
Name of publisher Palgrave Macmillan,
Year of publication 2006.
300 ## - PHYSICAL DESCRIPTION
Number of Pages x, 226 p.
650 #0 - SUBJECT ADDED ENTRY--TOPICAL TERM
Topical Term Political fiction, English
Topical Term English fiction
Topical Term English fiction
Topical Term Politics and literature
Topical Term Politics in literature.
Topical Term Literature and society
856 40 - ELECTRONIC LOCATION AND ACCESS
Uniform Resource Identifier http://site.ebrary.com/lib/rucke/Doc?id=10150383

No items available.

© 2026 Rongo University
Contact us: librarian | system librarian | Rongo university